[Event "DRUGA LIGA SRBIJE-GRUPA VOJVODINA 2016"]
[Site "Kac"]
[Date "2016.11.16"]
[Round "2.6"]
[White "Moldovanovic, Dragan"]
[Black "Strangar, Zlatko"]
[Result "0-1"]
[WhiteElo "2005"]
[BlackElo "2223"]
[PlyCount "72"]
[EventDate "2016.11.15"]

1. d4 Nf6 2. Nf3 g6 3. c4 Bg7 4. Nc3 O-O 5. e4 d6 6. Be2 Nbd7 7. O-O e5 8. d5
Nc5 9. Qc2 a5 10. Be3 Ng4 11. Bxc5 dxc5 12. h3 Nh6 13. Rad1 f5 14. Qd2 Nf7 15.
exf5 gxf5 16. Nb5 e4 17. Ne1 Ra6 18. Qe3 Qe7 19. Qg3 Nd6 20. Qa3 Nxb5 21. cxb5
Rg6 22. Bc4 Kh8 23. f4 b6 24. Nc2 Qh4 25. Kh2 Qf6 26. Rb1 Qd6 27. Rbe1 Rg8 28.
Rf2 Bf6 29. Ref1 Bh4 30. Qc3+ R8g7 31. Re2 Bg3+ 32. Kh1 Bxf4 33. Ne3 Be5 34.
Qd2 f4 35. Ng4 Bxg4 36. hxg4 Rh6+ 0-1

[Event "DRUGA LIGA SRBIJE-GRUPA VOJVODINA 2016"]
[Site "Kac"]
[Date "2016.11.16"]
[Round "2.6"]
[White "Ivanovic, Miroslav"]
[Black "Stankovic, Milos M"]
[Result "1/2-1/2"]
[WhiteElo "2067"]
[BlackElo "1816"]
[PlyCount "32"]
[EventDate "2016.11.15"]

1. Nf3 Nf6 2. g3 g6 3. b3 Bg7 4. Bb2 d6 5. d4 O-O 6. Bg2 Nbd7 7. Nbd2 c5 8.
dxc5 Nxc5 9. O-O Bd7 10. Nc4 Rc8 11. Nd4 b5 12. Ne3 a5 13. c4 b4 14. a3 Qb6 15.
a4 Rfd8 16. Rb1 Be6 1/2-1/2